000
00267nam a2200121Ia 4500
008
190216s9999||||xx |||||||||||||| ||und||
100
_a
Nambiar M C K
245
0
_a
Company Administration
260
_b
Null
_c
1986
300
_a
317p
650
_a
Commerce
942
_c
BK
999
_c
5497
_d
5497